000 01981 a2200241 4500
001 76
005 20260407155407.0
008 260407a2008 arg spa d
003 AR-UNSa-BCEJYS
040 _aAR-UNSa-BCEJYS
_bspa
_cAR-UNSa-BCEJYS
080 _a369.5
_xSeguro de vejez (de jubilación)
245 1 0 _aJubilaciones & Pensiones
020 _a978-987-01-0819-1
250 _a1a. ed
264 1 _aBuenos Aires :
_bErrepar
_c2008
300 _a591 p.
_c27 cm.
520 _a1. Sistema integrado de jubilaciones y pensiones - 2. Ambito de aplicación personal del SIJP - 3. Organos de gestión y contralor - 4. Obligaciones de los empleadores, de los afiliados y de los beneficiarios - 5. Prestaciones del sistema integrado de jubilaciones y pensiones. Generalidades - 6. Prestaciones por vejez - 7. Retiro por invalidez - 8. Prestación por edad avanzada (PEA) - 9. Pensión por fallecimiento - 10. Asignaciones familiares de beneficiarios del sistema integrado de jubilaciones y pensiones - 11. Regímenes diferenciales en el sistema integrado de jubilaciones y pensiones - 12. Deuda por aportes autónomos. Innovación de beneficios - 13. Probatoria de servicios desempeñados por el afiliado - 14. Organismo competente para el otorgamiento de las prestaciones - 15. Regímenes especiales - 16. Ley de riesgos del trabajo y prestaciones previsionales - 17. Iniciación de las prestaciones - 18. Modalidades de pago de las prestaciones del régimen de capitalización - 19. Pago de las prestaciones previsionales - 20. Procedimiento administrativo y judicial - 21. Prestación anticipada por desempleo (PAD) y regularización deuda autónoma para solicitar prestación previsional - 22. Práctica derecho a las prestaciones
041 _aspa
942 _cBK
590 _aniveau_biblio:m niveau_hierar:0
100 1 _aLodi-Fe, María Delia
856 4 1 _uhttps://biblioeco.unsa.edu.ar/pmb/images/libros/Jubilaciones & Pensiones-117373.jpg
_yImagen de portada
_qimage/jpeg
999 _c54
_d54